[Event "7. Lichtenberger Sommer"]
[Site "?"]
[Date "2008.08.17"]
[Round "2.54"]
[White "Schink, Barbara"]
[Black "Ollek, Karl_Heinz"]
[Result "1/2-1/2"]
[WhiteElo "2045"]
[BlackElo "1860"]
[PlyCount "46"]
[EventDate "2008.??.??"]

1. e4 c5 2. Nf3 Nc6 3. Nc3 a6 4. d4 cxd4 5. Nxd4 g6 6. Be2 Bg7 7. Nb3 Nf6 8.
O-O O-O 9. Kh1 d6 10. f4 b5 11. Bf3 e5 12. f5 Ne7 13. Bg5 Bb7 14. fxg6 fxg6 15.
Re1 h6 16. Bxf6 Rxf6 17. Qd3 Qb6 18. a4 b4 19. a5 Qc7 20. Nd5 Nxd5 21. exd5 Rc8
22. Be4 Qc4 23. Qh3 Rcf8 1/2-1/2

[Event "7. Lichtenberger Sommer"]
[Site "?"]
[Date "2008.08.17"]
[Round "2.55"]
[White "Jaeger, Andre"]
[Black "Boeck, Ruediger"]
[Result "1-0"]
[WhiteElo "2015"]
[BlackElo "1605"]
[PlyCount "127"]
[EventDate "2008.??.??"]

1. d4 d5 2. c4 e6 3. Nc3 Nf6 4. cxd5 exd5 5. Bg5 Be7 6. e3 O-O 7. Bd3 Nbd7 8.
Qc2 h6 9. Bh4 Nb6 10. Nge2 c6 11. O-O Nh5 12. Bxe7 Qxe7 13. Rab1 f5 14. b3 Nf6
15. Nf4 Qd7 16. a4 Rb8 17. a5 Na8 18. Ng6 Re8 19. Ne2 Nc7 20. Ne5 Qd6 21. Bxf5
Bxf5 22. Qxf5 Ne6 23. Qc2 c5 24. Nf3 Rbc8 25. dxc5 Rxc5 26. Qa2 Rec8 27. Rfc1
Qa6 28. Rxc5 Rxc5 29. b4 Rc7 30. b5 Qd6 31. b6 axb6 32. Rxb6 Qc5 33. h3 Nd8 34.
Nfd4 Nd7 35. Rb5 Qc4 36. Qa3 Nc5 37. Nf4 Ne4 38. Rxd5 Qc1+ 39. Qxc1 Rxc1+ 40.
Kh2 Nf7 41. f3 Nd2 42. Kg3 Nf1+ 43. Kf2 Nd2 44. Nfe6 Nc4 45. Rc5 Nfe5 46. Rc8+
Kf7 47. Nd8+ Ke7 48. Nxb7 Nd3+ 49. Kg3 Nxe3 50. Rxc1 Nxc1 51. a6 Nd5 52. a7 Nb6
53. Nf5+ Kf6 54. Nfd6 Ne2+ 55. Kf2 Nd4 56. Nc8 Na8 57. Nc5 Nc6 58. Ke3 Kf7 59.
Ke4 Ke8 60. Kd5 Nb4+ 61. Kd6 Kd8 62. Ne7 Nc2 63. Ne6+ Ke8 64. Nc7+ 1-0

[Event "7. Lichtenberger Sommer"]
[Site "Berlin"]
[Date "2008.08.17"]
[Round "2.56"]
[White "Grillich, Alexander"]
[Black "Kasper, Peter"]
[Result "1/2-1/2"]
[WhiteElo "2032"]
[BlackElo "1587"]
[PlyCount "127"]
[EventDate "2008.??.??"]
[WhiteTeam "SC Rochade e.V."]
[BlackTeam "SG Eckturm"]

1. c4 e6 2. Nc3 Nf6 3. Nf3 d5 4. d4 Be7 5. e3 O-O 6. b3 Nbd7 7. Bd3 c5 8. O-O
dxc4 9. bxc4 cxd4 10. exd4 b6 11. Bb2 Bb7 12. Rc1 Rc8 13. Qe2 Re8 14. Rfd1 Qc7
15. Ne5 Nxe5 16. dxe5 Qc6 17. f3 Nh5 18. Qc2 Qc5+ 19. Kh1 Qxe5 20. Bxh7+ Kh8
21. Ne4 Bxe4 22. Bxe4 Qf4 23. g3 Qh6 24. Kg2 Qg5 25. Rd7 b5 26. Qb3 a6 27. Rc2
Bf6 28. cxb5 axb5 29. Bc1 Qe5 30. Rxf7 Qd4 31. Rd2 Qb6 32. Bb2 Red8 33. Rdd7
Bxb2 34. Qxb2 Rxd7 35. Rxd7 Nf6 36. Rb7 Qe3 37. Qf2 Qc1 38. Bg6 Rd8 39. Rxb5
Rd2 40. Rb8+ Ng8 41. Bf7 Rxf2+ 42. Kxf2 Qc7 43. Rxg8+ Kh7 44. Bxe6 Qb6+ 45. Kg2
Qxe6 46. Rf8 Qxa2+ 47. Kh3 Qa3 48. Rf4 Qe3 49. Rh4+ Kg8 50. f4 Qf3 51. Rg4 Kf7
52. Rg5 Qf1+ 53. Kh4 Qa6 54. Kh3 Qc6 55. Rf5+ Kg8 56. Re5 Qd7+ 57. Kg2 Qd2+ 58.
Kh3 Qd3 59. Kg2 Kf7 60. Rg5 Qe2+ 61. Kg1 g6 62. Re5 Qd1+ 63. Kg2 Qd3 64. Rg5
1/2-1/2

[Event "7. Lichtenberger Sommer"]
[Site "?"]
[Date "2008.08.17"]
[Round "2.57"]
[White "Sawlin, Leonid"]
[Black "Mai, Andreas"]
[Result "0-1"]
[WhiteElo "1870"]
[BlackElo "1895"]
[PlyCount "150"]
[EventDate "2008.??.??"]

1. e4 d6 2. d4 Nf6 3. Nc3 g6 4. f3 Bg7 5. Be3 c6 6. Qd2 b5 7. O-O-O a5 8. g4
Ba6 9. Bg2 b4 10. Nce2 Nbd7 11. Ng3 Rb8 12. g5 Ng8 13. f4 a4 14. Kb1 b3 15.
cxb3 axb3 16. a3 Nb6 17. e5 d5 18. Rc1 Nc4 19. Qc3 e6 20. Nf3 Ne7 21. Nd2 Nxd2+
22. Bxd2 Qb6 23. Bf1 Bf8 24. Bd3 Kd7 25. Rhd1 h5 26. h4 Nc8 27. Bf1 Bxf1 28.
Rxf1 Ra8 29. Rf3 Rb8 30. Qd3 Na7 31. Rc3 Nb5 32. Rxb3 Qxd4 33. Qxd4 Nxd4 34.
Rxb8 Nxf3 35. Bb4 Bxb4 36. Rxh8 Be1 37. Ne2 Bxh4 38. Rf8 Ke7 39. Rc8 Kd7 40.
Ra8 Bf2 41. Rb8 h4 42. Rh8 c5 43. Kc2 c4 44. Kc3 Be1+ 45. Kc2 d4 46. Kd1 Bf2
47. Kc2 d3+ 48. Kd1 Be3 49. Rh7 Ke7 50. a4 Bb6 51. Nc3 Ba5 52. Ne4 Bb4 53. Nf6
Kd8 54. Rxf7 Bc5 55. Rg7 Bd4 56. Rxg6 Bxb2 57. Rg7 h3 58. Rh7 c3 59. Rd7+ Kc8
60. Rxd3 h2 61. Rxf3 h1=Q+ 62. Ke2 c2 63. Rf1 Qc6 64. g6 Qc4+ 65. Kf2 Qxf1+ 66.
Kxf1 c1=Q+ 67. Ke2 Qc2+ 68. Kf3 Qxg6 69. Ne4 Kc7 70. a5 Qf5 71. Nd6 Qd3+ 72.
Kg4 Bc3 73. Kg5 Bxa5 74. Kf6 Kd7 75. f5 Bd8+ 0-1

[Event "7. Lichtenberger Sommer"]
[Site "?"]
[Date "2008.08.17"]
[Round "2.58"]
[White "Fiedler, Wolfgang"]
[Black "Schneider, Eckehard"]
[Result "1/2-1/2"]
[WhiteElo "1990"]
[BlackElo "1800"]
[PlyCount "55"]
[EventDate "2008.??.??"]

1. d4 Nf6 2. c4 e6 3. Nf3 b6 4. Nbd2 Bb7 5. e3 c5 6. Be2 d5 7. cxd5 exd5 8. O-O
Bd6 9. Re1 O-O 10. Nf1 Nbd7 11. Ng3 Ne4 12. dxc5 Bxc5 13. a3 Nxg3 14. hxg3 Nf6
15. b4 Be7 16. Bb2 Ne4 17. Nd4 Bf6 18. Rc1 a6 19. Ba1 Rc8 20. Bg4 Rxc1 21. Qxc1
Bc8 22. Nc6 Qd6 23. Bxc8 Bxa1 24. Qxa1 Rxc8 25. Nd4 Qf6 26. Qa2 Rc4 27. Qe2 b5
28. Qf3 1/2-1/2

[Event "7. Lichtenberger Sommer"]
[Site "?"]
[Date "2008.08.17"]
[Round "2.59"]
[White "Schoenemann, Manfred"]
[Black "Mager, Thomas"]
[Result "1/2-1/2"]
[WhiteElo "1805"]
[BlackElo "1900"]
[PlyCount "60"]
[EventDate "2008.??.??"]

1. d4 f5 2. c4 Nf6 3. g3 g6 4. Bg2 Bg7 5. Nc3 O-O 6. Nf3 d6 7. O-O Qe8 8. Re1
c6 9. Qb3 Nbd7 10. Ng5 e5 11. dxe5 Nxe5 12. Bf4 Nh5 13. c5+ d5 14. Bxd5+ cxd5
15. Nxd5 Nf7 16. Nc7 Qe7 17. Nxf7 Rxf7 18. Bd6 Qe4 19. Nxa8 f4 20. Nc7 fxg3 21.
hxg3 Bd4 22. e3 Bh3 23. Qd5 Qc2 24. exd4 Qxf2+ 25. Kh1 Nf6 26. Re8+ Nxe8 27.
Nxe8 Bg4 28. Nf6+ Qxf6 29. Bf4 Be6 30. Qe5 Qxe5 1/2-1/2

[Event "7. Lichtenberger Sommer"]
[Site "Berlin"]
[Date "2008.08.17"]
[Round "2.60"]
[White "Groeling, Juergen"]
[Black "Mildenberger, Hans"]
[Result "1/2-1/2"]
[WhiteElo "1950"]
[BlackElo "1565"]
[PlyCount "52"]
[EventDate "2008.??.??"]
[WhiteTeam "Landessenioren-Schachverein Bran"]
[BlackTeam "BVG Helmholz"]

1. b3 Nf6 2. Bb2 e6 3. f4 g6 4. Nf3 Bg7 5. e4 O-O 6. d3 d5 7. Nbd2 c5 8. g3 Nc6
9. Bg2 d4 10. a4 Re8 11. O-O e5 12. Nc4 exf4 13. gxf4 Bg4 14. h3 Be6 15. Ng5
Bxc4 16. bxc4 Nh5 17. Qg4 Bh6 18. Bc1 Nb4 19. Rf3 Qe7 20. f5 Bxg5 21. Bxg5 Qe5
22. fxg6 fxg6 23. Bh4 Rf8 24. Raf1 Rxf3 25. Rxf3 Re8 26. Rf5 Qg7 1/2-1/2

[Event "7. Lichtenberger Sommer"]
[Site "Berlin"]
[Date "2008.08.17"]
[Round "2.61"]
[White "Thonig, Manfred"]
[Black "Walter, Guenter"]
[Result "0-1"]
[WhiteElo "1728"]
[BlackElo "2082"]
[PlyCount "48"]
[EventDate "2008.??.??"]
[WhiteTeam "SC Starnberg"]
[BlackTeam "TSG Oberschöneweide e.V."]

1. f4 e5 2. fxe5 d6 3. exd6 Bxd6 4. Nf3 Nf6 5. d4 Bf5 6. Bg5 Nbd7 7. Qd2 h6 8.
Qe3+ Kf8 9. Bxf6 Nxf6 10. c3 Ng4 11. Qd2 Bxb1 12. Rxb1 Nxh2 13. Ne5 Qh4+ 14.
Kd1 Bxe5 15. dxe5 Rd8 16. Qxd8+ Qxd8+ 17. Kc2 Ng4 18. Rh3 Qg5 19. e6 fxe6 20.
Rf3+ Ke7 21. b4 Rd8 22. Kb3 Ne3 23. c4 Qg6 24. Rb2 Qe4 0-1

[Event "7. Lichtenberger Sommer"]
[Site "Berlin"]
[Date "2008.08.17"]
[Round "2.63"]
[White "Dauer, Carolin"]
[Black "Hantusch, Ralf"]
[Result "1/2-1/2"]
[WhiteElo "1594"]
[BlackElo "1805"]
[PlyCount "43"]
[EventDate "2008.??.??"]
[WhiteTeam "Spgem Kötz/Ichenhausen"]
[BlackTeam "SV Bau-Union e.V."]

1. e4 e6 2. d4 d5 3. exd5 exd5 4. Bd3 Bd6 5. c3 Nc6 6. Ne2 Bg4 7. f3 Bh5 8. Bf4
Bg6 9. Qc2 Nge7 10. Nd2 Qd7 11. Nb3 Bxd3 12. Qxd3 O-O-O 13. Bxd6 Qxd6 14. O-O-O
Qg6 15. Ng3 h5 16. Nc5 Qxd3 17. Nxd3 h4 18. Ne2 Nf5 19. Rde1 g5 20. Kd2 Rde8
21. Nec1 b6 22. Rxe8+ 1/2-1/2

[Event "7. Lichtenberger Sommer"]
[Site "Berlin"]
[Date "2008.08.17"]
[Round "2.64"]
[White "Tong, Lukas Fabian Chuan"]
[Black "Krueger, Stefan"]
[Result "1/2-1/2"]
[WhiteElo "1798"]
[BlackElo "1548"]
[PlyCount "113"]
[EventDate "2008.??.??"]
[WhiteTeam "SV Empor Berlin e.V."]
[BlackTeam "SC Friesen Lichtenberg e.V."]

1. d4 d5 2. c4 e6 3. Nc3 Nf6 4. Nf3 Bb4 5. a3 Bxc3+ 6. bxc3 b6 7. Bg5 Bb7 8. e3
h6 9. Bh4 Nbd7 10. cxd5 Bxd5 11. Be2 O-O 12. O-O Qc8 13. Rc1 c5 14. Qd2 cxd4
15. cxd4 Qb7 16. Qb2 Rac8 17. h3 Rxc1 18. Rxc1 Rc8 19. Bg3 Rxc1+ 20. Qxc1 Qc6
21. Qxc6 Bxc6 22. Ne5 Nxe5 23. Bxe5 Nd7 24. Bd6 b5 25. Kf1 Nb6 26. Bc5 Nc8 27.
g3 g6 28. Ke1 f5 29. Kd2 Kf7 30. Kc3 a5 31. f3 Ne7 32. e4 fxe4 33. fxe4 b4+ 34.
axb4 axb4+ 35. Kd3 Bb5+ 36. Kd2 Bxe2 37. Kxe2 b3 38. Kd2 Nc6 39. Kc3 Na5 40. e5
Nc4 41. Kxb3 Nd2+ 42. Kb4 Ke8 43. d5 exd5 44. Be3 Ne4 45. Bxh6 Nxg3 46. Kc5 Nf5
47. Bg5 d4 48. e6 Ng7 49. Kd5 Nf5 50. Ke5 Kf8 51. Kf6 Ne7 52. h4 d3 53. Bd2 Ke8
54. Ke5 Nf5 55. h5 gxh5 56. Kxf5 h4 57. Kg4 1/2-1/2

[Event "7. Lichtenberger Sommer"]
[Site "Berlin"]
[Date "2008.08.17"]
[Round "2.65"]
[White "Knauft, Marcel"]
[Black "Getzuhn, Detlef"]
[Result "0-1"]
[WhiteElo "1571"]
[BlackElo "1979"]
[PlyCount "138"]
[EventDate "2008.??.??"]
[WhiteTeam "SK 1929 Mainaschaff"]
[BlackTeam "SV Senat"]

1. e4 c5 2. Nf3 Nc6 3. d4 cxd4 4. Nxd4 g6 5. Be3 Bg7 6. Bc4 d6 7. Nc3 Nf6 8. f3
O-O 9. Qd2 a6 10. a3 b5 11. Bb3 Na5 12. O-O-O Qc7 13. Bh6 Nxb3+ 14. Nxb3 Be6
15. Nd4 Rfb8 16. h4 b4 17. axb4 Rxb4 18. Bxg7 Kxg7 19. Nxe6+ fxe6 20. Na2 Rc4
21. b3 Rc5 22. Kb2 Rc8 23. Rc1 a5 24. g4 Qb6 25. h5 Qb5 26. hxg6 hxg6 27. Rh2
g5 28. Qd4 Qb6 29. Kb1 Rb5 30. Qxb6 Rxb6 31. Kb2 Rbc6 32. Re2 Nd7 33. Ra1 Ne5
34. Rf1 Ng6 35. Rff2 Rf8 36. Nc3 Ne5 37. Nb5 Rxf3 38. Rxf3 Nxf3 39. Rf2 Rb6 40.
Nc7 Nd4 41. Rd2 Rb7 42. Ne8+ Kf7 43. Nxd6+ exd6 44. Rxd4 Rb6 45. Ra4 Rb5 46. c4
Re5 47. Kc3 Rxe4 48. Rxa5 Rxg4 49. Ra7+ Kf6 50. Rd7 Ke5 51. b4 Rg3+ 52. Kc2
Rg2+ 53. Kc3 g4 54. b5 Rg1 55. b6 Rb1 56. b7 g3 57. Rg7 Kf4 58. Rf7+ Ke4 59.
Rg7 Kf3 60. Rf7+ Ke2 61. Kc2 Rb6 62. Rg7 Kf2 63. Rf7+ Kg1 64. Kd3 g2 65. Rd7
Kf2 66. Rxd6 Rxb7 67. Rxe6 Rd7+ 68. Kc2 g1=Q 69. Rf6+ Ke3 0-1

[Event "7. Lichtenberger Sommer"]
[Site "Berlin"]
[Date "2008.08.17"]
[Round "2.68"]
[White "Pews, Kristine"]
[Black "Schlittermann, Wolfgang"]
[Result "1/2-1/2"]
[WhiteElo "1757"]
[BlackElo "1626"]
[PlyCount "117"]
[EventDate "2008.??.??"]
[WhiteTeam "USC Viadrina Frankfurt (Oder) e."]
[BlackTeam "SK Gillette"]

1. Nf3 d5 2. g3 Nc6 3. Bg2 e5 4. d3 Nf6 5. Nbd2 Be6 6. O-O Bc5 7. c3 O-O 8. b4
Bd6 9. a3 a6 10. c4 dxc4 11. dxc4 e4 12. Ng5 e3 13. fxe3 Ng4 14. Ndf3 Qf6 15.
Rb1 h6 16. Nxe6 Qxe6 17. Qd3 Rad8 18. Nd4 Qe8 19. Bf3 Nce5 20. Qc3 c5 21. Nf5
Nxf3+ 22. exf3 Be5 23. Qc2 Nf6 24. e4 cxb4 25. axb4 Qd7 26. Be3 Qd3 27. Qxd3
Rxd3 28. Bc5 Re8 29. f4 Bc7 30. Ne7+ Kh7 31. Nd5 Bd8 32. Nxf6+ Bxf6 33. e5 Be7
34. Bxe7 Rxe7 35. c5 Red7 36. Kg2 Kg6 37. g4 Rd2+ 38. Rf2 R2d3 39. h4 Re3 40.
Rf3 Rd2+ 41. Kg3 Ree2 42. f5+ Kh7 43. e6 fxe6 44. fxe6 Rxe6 45. Rf7 b6 46. Rc7
bxc5 47. Rxc5 Rd3+ 48. Kf2 Re4 49. Rc6 Rxg4 50. Rxa6 Rxh4 51. b5 Rh2+ 52. Kg1
Rdd2 53. Raa1 Rb2 54. b6 Rhg2+ 55. Kh1 Rh2+ 56. Kg1 Rhg2+ 57. Kf1 Rh2 58. Kg1
Rhg2+ 59. Kf1 1/2-1/2

[Event "7. Lichtenberger Sommer"]
[Site "?"]
[Date "2008.??.??"]
[Round "2.69"]
[White "Apel, Wolfgang"]
[Black "Albinus, Guenter"]
[Result "0-1"]
[WhiteElo "1785"]
[BlackElo "1920"]
[PlyCount "94"]
[EventDate "2008.??.??"]

1. c4 Nf6 2. Nc3 c5 3. e3 d5 4. cxd5 Nxd5 5. d4 e6 6. e4 Nxc3 7. bxc3 cxd4 8.
cxd4 Bb4+ 9. Ke2 Bc3 10. Rb1 Qxd4 11. Qxd4 Bxd4 12. Nf3 Bb6 13. Ba3 Nc6 14. g3
Bd7 15. Bg2 f6 16. Rhd1 Rd8 17. Rd6 O-O 18. Rbd1 Bc8 19. Rxc6 bxc6 20. Bxf8
Ba6+ 21. Ke1 Ba5+ 22. Nd2 Bxd2+ 23. Rxd2 Rxd2 24. Kxd2 Kxf8 25. f4 e5 26. Kc3
c5 27. a4 Ke7 28. h4 Kd6 29. h5 Be2 30. h6 g5 31. Kd2 Bg4 32. f5 Bh5 33. Bf1
Bf7 34. Kc3 Kc6 35. a5 Kb7 36. Bb5 a6 37. Bd7 Kc7 38. Be6 Bxe6 39. fxe6 Kd6 40.
Kc4 Kxe6 41. Kxc5 f5 42. exf5+ Kxf5 43. Kd5 g4 44. Kc4 Ke4 45. Kc5 Kd3 46. Kb6
e4 47. Kxa6 e3 0-1

[Event "7. Lichtenberger Sommer"]
[Site "?"]
[Date "2008.08.17"]
[Round "2.70"]
[White "Voelker, Thomas"]
[Black "Mako, Atila"]
[Result "1-0"]
[WhiteElo "1765"]
[BlackElo "1790"]
[PlyCount "95"]
[EventDate "2008.??.??"]

1. Nf3 Nf6 2. c4 c6 3. d4 d6 4. Nc3 Bg4 5. e4 e6 6. Be3 Nbd7 7. Be2 Be7 8. O-O
O-O 9. Nd2 Ne8 10. Bxg4 f5 11. exf5 exf5 12. Bxf5 Rxf5 13. Qg4 Rf6 14. Nde4 Rg6
15. Qe2 Nef6 16. h3 Nxe4 17. Nxe4 Nf6 18. Ng3 Qd7 19. Kh2 d5 20. c5 Rf8 21.
Rae1 Bd8 22. f4 Bc7 23. Rf3 h5 24. Qc2 Rh6 25. Kg1 Re8 26. Nf5 Rh7 27. Bf2 Ne4
28. Ng3 Nxf2 29. Qxf2 Rxe1+ 30. Qxe1 g6 31. Qd2 h4 32. Ne2 Rf7 33. Qd3 Qf5 34.
Qxf5 Rxf5 35. Kf2 b6 36. b4 Kg7 37. Ke3 Rf6 38. g3 Re6+ 39. Kf2 hxg3+ 40. Rxg3
Re4 41. Re3 Rxe3 42. Kxe3 bxc5 43. dxc5 a5 44. a3 Kf6 45. Nd4 axb4 46. axb4 Ke7
47. Nxc6+ Kd7 48. Ne5+ 1-0

[Event "7. Lichtenberger Sommer"]
[Site "?"]
[Date "2008.08.17"]
[Round "2.71"]
[White "Junghaenel, Dieter"]
[Black "Schmalzried, Volker"]
[Result "0-1"]
[WhiteElo "1755"]
[BlackElo "1755"]
[PlyCount "92"]
[EventDate "2008.??.??"]

1. b4 d5 2. Bb2 Nf6 3. e3 e6 4. b5 g6 5. Nf3 Bg7 6. Be2 O-O 7. d3 Bd7 8. a4 a6
9. c4 axb5 10. cxb5 c6 11. Qb3 cxb5 12. axb5 Rxa1 13. Bxa1 Qa5+ 14. Bc3 Qxb5
15. Qxb5 Bxb5 16. O-O Nc6 17. Na3 Ba6 18. Rb1 Rb8 19. Nb5 Nd7 20. Bxg7 Kxg7 21.
d4 Nf6 22. Bd1 Ne4 23. Ba4 Bxb5 24. Bxb5 Nc3 25. Rb3 Nxb5 26. Rxb5 b6 27. g4
Na5 28. Ne5 Nc4 29. Nc6 Rc8 30. Nb4 Ra8 31. Kg2 Ra5 32. Rxa5 bxa5 33. Na2 a4
34. Kf3 f5 35. g5 h6 36. h4 hxg5 37. hxg5 Kf7 38. Ke2 Ke7 39. Kd3 Kd6 40. f4 a3
41. Nb4 Kc7 42. Nc2 a2 43. Kc3 Nxe3 44. Na1 Ng2 45. Kb2 Nxf4 46. Nb3 Nh3 0-1

[Event "7. Lichtenberger Sommer"]
[Site "Berlin"]
[Date "2008.08.17"]
[Round "2.72"]
[White "Radjenovic, Branko"]
[Black "Winz, Michael"]
[Result "0-1"]
[WhiteElo "1903"]
[BlackElo "1711"]
[PlyCount "184"]
[EventDate "2008.??.??"]
[WhiteTeam "SK Aleksandar Matanovic"]
[BlackTeam "SC Friesen Lichtenberg e.V."]

1. d4 Nf6 2. c4 e6 3. Bg5 Be7 4. Nc3 d5 5. Nf3 O-O 6. e3 b6 7. Rc1 Bb7 8. Ne5
dxc4 9. Nxc4 Nd5 10. Bxe7 Qxe7 11. a3 Nd7 12. Nxd5 Bxd5 13. Qc2 c5 14. e4 Bb7
15. dxc5 Nxc5 16. f3 Rad8 17. Be2 Qh4+ 18. g3 Qh3 19. Bf1 Qh6 20. Kf2 Nb3 21.
Rd1 Nd4 22. Qd2 Qf6 23. Qf4 Qe7 24. Bd3 Qc5 25. b4 Qh5 26. h4 Ba6 27. g4 Qh6
28. Qxh6 gxh6 29. Ke3 Nc2+ 30. Bxc2 Bxc4 31. g5 hxg5 32. hxg5 e5 33. Rdg1 Rd6
34. f4 exf4+ 35. Kxf4 Rd2 36. Bb1 Rf2+ 37. Ke3 Re2+ 38. Kf3 Rd2 39. Rh6 Ba2 40.
Ke3 Rfd8 41. Kf4 Bxb1 42. Rxb1 Rf2+ 43. Ke3 Rg2 44. Kf4 Rf2+ 45. Ke5 Re8+ 46.
Kd4 Rf4 47. Re1 Rg4 48. Rd6 Rxg5 49. Rd7 a5 50. Rd5 Rxd5+ 51. Kxd5 axb4 52.
axb4 Re6 53. e5 h5 54. b5 h4 55. Rh1 Rh6 56. Ke4 h3 57. Rh2 Kf8 58. Kf5 Ke7 59.
Kg5 Rh8 60. Kf5 Rh7 61. Kf4 Ke6 62. Kg3 Kxe5 63. Re2+ Kd5 64. Kh2 Kc5 65. Re5+
Kb4 66. Rf5 Kc4 67. Re5 Rh6 68. Rg5 f6 69. Rf5 Kd4 70. Rf4+ Ke5 71. Rc4 f5 72.
Rc1 f4 73. Rc3 Kd5 74. Rc1 f3 75. Rf1 Kc5 76. Rxf3 Kxb5 77. Rf4 Ka5 78. Rf1 b5
79. Ra1+ Kb6 80. Rb1 Rh5 81. Rb2 Kc5 82. Rb1 Kc4 83. Rc1+ Kb3 84. Rb1+ Ka2 85.
Rb4 Ka3 86. Rf4 b4 87. Rf1 b3 88. Ra1+ Kb2 89. Ra8 Rh4 90. Rb8 Rc4 91. Rb7 Kc2
92. Kxh3 b2 0-1

[Event "7. Lichtenberger Sommer"]
[Site "Berlin"]
[Date "2008.08.17"]
[Round "2.73"]
[White "Meissner, Hans-Juergen"]
[Black "Muehlhan, Klaus"]
[Result "1-0"]
[WhiteElo "2212"]
[BlackElo "2006"]
[PlyCount "41"]
[EventDate "2008.??.??"]
[WhiteTeam "SV Empor Berlin e.V."]
[BlackTeam "SC Empor Potsdam 1952 e.V."]

1. d4 Nf6 2. Nf3 e6 3. c4 c5 4. d5 b5 5. Bg5 h6 6. Bxf6 Qxf6 7. Qc2 exd5 8.
cxd5 Bb7 9. e4 c4 10. Nc3 Bb4 11. Be2 O-O 12. O-O a6 13. e5 Qd8 14. Rad1 d6 15.
e6 fxe6 16. Nd4 Qh4 17. Nxe6 Rf6 18. Rd4 Bxc3 19. Rxh4 Ba5 20. Rg4 g5 21. Nxg5
1-0

[Event "7. Lichtenberger Sommer"]
[Site "Berlin"]
[Date "2008.08.17"]
[Round "2.75"]
[White "Fischer, Anke"]
[Black "Wuersig, Mathias"]
[Result "0-1"]
[WhiteElo "1835"]
[BlackElo "1487"]
[PlyCount "71"]
[EventDate "2008.??.??"]
[WhiteTeam "SG Lasker Steglitz-Wilmersdorf"]
[BlackTeam "SV Blau-Gelb 1899 Hosena e.V."]

1. e4 d6 2. d4 Nf6 3. Bd3 g6 4. c4 Bg7 5. Nc3 c5 6. d5 O-O 7. Nf3 Nbd7 8. O-O
Nb6 9. h3 e6 10. Bg5 Re8 11. Qd2 Bd7 12. Rfe1 Qc7 13. Qf4 Nh5 14. Qd2 e5 15.
Bh6 Qc8 16. Bf1 a6 17. Rac1 Rb8 18. Ne2 f5 19. Ng3 Nf6 20. Bxg7 Kxg7 21. exf5
Bxf5 22. Nxf5+ Qxf5 23. Ng5 Rbd8 24. Ne6+ Rxe6 25. dxe6 Qxe6 26. Qe3 Nbd7 27.
Rcd1 b6 28. Rd2 Ne8 29. Red1 Ndf6 30. g3 a5 31. b3 Nc7 32. Bg2 e4 33. Qf4 d5
34. Qxc7+ Rd7 35. cxd5 Nxd5 36. Qc8 0-1

[Event "7. Lichtenberger Sommer"]
[Site "?"]
[Date "2008.??.??"]
[Round "2.76"]
[White "Paris, Gerhard"]
[Black "Belger, Christian"]
[Result "0-1"]
[WhiteElo "1695"]
[BlackElo "1965"]
[PlyCount "116"]
[EventDate "2008.??.??"]

1. e4 c5 2. Nf3 Nc6 3. Bb5 g6 4. c4 Bg7 5. Nc3 Nf6 6. d3 O-O 7. Bg5 a6 8. Bxc6
dxc6 9. O-O Bg4 10. h3 Bxf3 11. Qxf3 Nd7 12. Rad1 h6 13. Be3 e5 14. Qe2 Qe7 15.
f3 Rfe8 16. Bf2 Nf8 17. Na4 Ne6 18. b3 h5 19. Be3 Rab8 20. Qf2 b6 21. Qd2 a5
22. Rf2 Red8 23. Qc1 h4 24. Nb2 Nf4 25. Bxf4 exf4 26. Re2 Bd4+ 27. Kf1 Qg5 28.
Qc2 Qg3 29. Rf2 Qxf2+ 30. Qxf2 Bxf2 31. Kxf2 f6 32. Ke2 Kf7 33. Rd2 Ke6 34. Nd1
b5 35. Rc2 Rdc8 36. Nf2 a4 37. bxa4 bxa4 38. Kd2 Rb4 39. Nd1 Rcb8 40. Kc3 a3
41. d4 cxd4+ 42. Kxd4 Rb2 43. Kc3 Rxc2+ 44. Kxc2 Kd6 45. Kc3 Rb1 46. Kc2 Rxd1
47. Kxd1 Kc5 48. Kc2 Kxc4 49. Kd2 c5 50. Kc2 g5 51. Kd2 Kd4 52. Kc2 c4 53. Kd2
c3+ 54. Kc2 Kc4 55. Kd1 Kd3 56. Kc1 c2 57. e5 fxe5 58. g3 hxg3 0-1

[Event "7. Lichtenberger Sommer"]
[Site "Berlin"]
[Date "2008.08.17"]
[Round "2.77"]
[White "Wendland, Frank"]
[Black "Scenev, Vitalij"]
[Result "1-0"]
[WhiteElo "1736"]
[BlackElo "1452"]
[PlyCount "65"]
[EventDate "2008.??.??"]
[WhiteTeam "Treptower SV 1949 e.V."]
[BlackTeam "SV Berolina Mitte e.V."]

1. e4 c5 2. Nf3 d6 3. Bb5+ Bd7 4. Bxd7+ Qxd7 5. O-O Nc6 6. c3 Nf6 7. Qe2 g6 8.
d4 cxd4 9. cxd4 Bg7 10. Nc3 d5 11. e5 Ng4 12. Bf4 e6 13. Rac1 Nh6 14. Qd2 Nf5
15. a3 Na5 16. Qd3 a6 17. Rc2 O-O 18. Rfc1 Nb3 19. Rd1 Rac8 20. Ne2 Rxc2 21.
Qxc2 Na5 22. Rc1 Nc6 23. Qd2 Rc8 24. Rc3 Bf8 25. g4 Nfe7 26. Bh6 Qe8 27. Qf4
Bxh6 28. Qxh6 Qf8 29. Qf4 Nb8 30. Ng5 Nd7 31. Rf3 Qg7 32. Qxf7+ Qxf7 33. Rxf7
1-0

[Event "7. Lichtenberger Sommer"]
[Site "Berlin"]
[Date "2008.08.17"]
[Round "2.79"]
[White "Wege, Hermann"]
[Black "Penner, Markus"]
[Result "0-1"]
[WhiteElo "1980"]
[BlackElo "1423"]
[PlyCount "92"]
[EventDate "2008.??.??"]
[WhiteTeam "Schachclub Rathenow e.V."]
[BlackTeam "SK Zehlendorf e.V."]

1. c4 Nf6 2. Nc3 g6 3. e4 d6 4. d4 Bg7 5. Nf3 O-O 6. h3 Nbd7 7. Be2 e5 8. d5
Nc5 9. Qc2 a5 10. Be3 Nfd7 11. g4 c6 12. h4 cxd5 13. cxd5 Qc7 14. Rc1 b6 15.
Nb5 Qb8 16. h5 Nf6 17. hxg6 fxg6 18. Ng5 Bxg4 19. Bxg4 Nxg4 20. Rxh7 Nxe3 21.
fxe3 Qd8 22. Qg2 Nd3+ 23. Kd2 Rf2+ 24. Qxf2 Nxf2 25. Rxg7+ Kxg7 26. Ne6+ Kh6
27. Nxd8 Rxd8 28. Nc3 Rf8 29. Ke2 Ng4 30. Nd1 Nf6 31. Nf2 g5 32. Rc6 Rd8 33.
Kf3 Kh5 34. Kg3 b5 35. Ra6 a4 36. Rb6 g4 37. Rxb5 Rc8 38. Rb6 Rc2 39. Ra6 Kg5
40. Ra8 Rxb2 41. a3 Re2 42. Nxg4 Nxg4 43. Rg8+ Kh5 44. Rxg4 Rxe3+ 45. Kf2 Kxg4
46. Kxe3 Kg3 0-1

[Event "7. Lichtenberger Sommer"]
[Site "?"]
[Date "2008.08.17"]
[Round "2.80"]
[White "Berg, Gerd"]
[Black "Fuchs, Joerg"]
[Result "0-1"]
[WhiteElo "1715"]
[BlackElo "1910"]
[PlyCount "62"]
[EventDate "2008.??.??"]

1. c4 e6 2. Nc3 f5 3. d4 Nf6 4. e3 d5 5. Be2 c6 6. Nf3 Bd6 7. Qb3 O-O 8. cxd5
exd5 9. Bd2 Ne4 10. Bd3 Nxd2 11. Kxd2 Qe8 12. Rae1 Kh8 13. Kc2 Nd7 14. Kb1 Nf6
15. Qc2 Ne4 16. h4 Bb4 17. Bxe4 fxe4 18. Ne5 Bd6 19. f4 exf3 20. e4 fxg2 21.
Qxg2 dxe4 22. Nxe4 Bf5 23. Ka1 Bxe4 24. Rxe4 Bxe5 25. dxe5 Qe6 26. Rg1 Rf7 27.
Rd1 Raf8 28. Red4 Qxe5 29. Rd8 Qf6 30. R1d7 Rxd7 31. Rxd7 Qf1+ 0-1

[Event "7. Lichtenberger Sommer"]
[Site "Berlin"]
[Date "2008.08.17"]
[Round "2.81"]
[White "Kapp, Frank"]
[Black "Winter, Juergen"]
[Result "1/2-1/2"]
[WhiteElo "1748"]
[BlackElo "1416"]
[PlyCount "80"]
[EventDate "2008.??.??"]
[WhiteTeam "TSV IFA Chemnitz"]
[BlackTeam "SC Rochade Müncheberg"]

1. d4 Nf6 2. c4 d6 3. Nc3 e6 4. e4 c5 5. d5 exd5 6. exd5 Be7 7. Nf3 a6 8. Be2
Bd7 9. O-O O-O 10. Re1 Bg4 11. Qc2 h6 12. Nd2 Bxe2 13. Rxe2 Nbd7 14. Nde4 Nxe4
15. Nxe4 Nf6 16. Bf4 Nxe4 17. Qxe4 Re8 18. Rae1 Qd7 19. b3 f5 20. Qe6+ Qxe6 21.
Rxe6 Kf7 22. Kf1 Rad8 23. h3 Bf8 24. g4 g5 25. Bd2 Rxe6 26. dxe6+ Ke7 27. Ba5
Re8 28. gxf5 Kf6 29. e7 Bxe7 30. Re6+ Kxf5 31. Rxh6 Bf6 32. Rh7 Re7 33. Rxe7
Bxe7 34. Ke2 g4 35. hxg4+ Kxg4 36. f3+ Kf5 37. a4 Bf6 38. Bd2 Bd4 39. Kd3 Be5
40. Be3 Bg7 1/2-1/2

[Event "7. Lichtenberger Sommer"]
[Site "?"]
[Date "2008.08.17"]
[Round "2.82"]
[White "Bauer, Stefan"]
[Black "Wirp, Hans_Werner"]
[Result "0-1"]
[WhiteElo "1815"]
[BlackElo "1705"]
[PlyCount "98"]
[EventDate "2008.??.??"]

1. Nf3 Nc6 2. c4 e5 3. Nc3 Nf6 4. d3 h6 5. g3 Bc5 6. Bg2 d6 7. h3 Nh5 8. e3 Nf6
9. a3 a5 10. O-O O-O 11. Rb1 Bf5 12. e4 Bd7 13. Bd2 Qc8 14. Kh2 Nh7 15. Qc1 Nd4
16. Nxd4 Bxd4 17. Nd5 Qd8 18. b4 c6 19. Ne3 axb4 20. axb4 Ra2 21. Nc2 Bb6 22.
f4 exf4 23. Bxf4 Qf6 24. Be3 Bxe3 25. Nxe3 Qd4 26. Rb3 Re2 27. Nc2 Qe5 28. d4
Qxe4 29. Ne1 Qxd4 30. Rd3 Qe4 31. Rxd6 Be6 32. Nf3 Qxc4 33. Qd1 Qc2 34. Qxc2
Rxc2 35. Kh1 Bd5 36. h4 Nf6 37. Ne1 Bxg2+ 38. Nxg2 Ne4 39. Rd7 Nxg3+ 40. Kg1
Nxf1 41. Kxf1 Ra8 42. Rxb7 Kf8 43. Rc7 Ra1+ 44. Ne1 Rcc1 45. b5 Rxe1+ 46. Kf2
cxb5 47. Rb7 Reb1 48. Ke3 Ra4 49. h5 Rb3+ 0-1